000 00610nam a2200205 4500
001 144817
003 ES-MaACL
007 t|
008 070214s1954 sp r ||||1| spa d
100 1 _aSlaughter, Frank G.
_9106773
245 1 3 _aLa Venus del cuadro
_b: (novela) /
_cFrank G. Slaughter ; [traducción del inglés por Gloria Martinengo].
250 _a1ª ed.
260 _aBarcelona :
_bPlaneta,
_c1954 (
_fHorta)
300 _a421 p. ;
_c19 cm.
490 1 _aLuyve
700 1 _aMartinengo, Gloria.
_977702
830 0 _aLuyve
_9181395
852 _aES-MaACL
_jC-8444
_bR.36113
999 _c144817
_d144817